00418nam a22001577a 450000500170000001000150001702000260003203500130005803700130007108200060008410000200009024500470011026000290015727000520018630000220023820141110112241.0 aENG-111131 c295.00a9789383074891 aEN-94663 bDBAD/PUB aN aKire, Easterine aWhen the river sleeps /cby Easterine Kire aNew DelhibZubaan c2014 bNew Delhie110049a128 B Shahpur Jat, 1st Floor a244p. c22cm(pbk)